| 000 | 00625nam a2200241 a 4500 | ||
|---|---|---|---|
| 001 | 14299 | ||
| 003 | BD-JhCC | ||
| 005 | 20250302120155.0 | ||
| 008 | 250302b19642018e a|||| ||a| 001 0 eng d | ||
| 020 | _a9780241339466 | ||
| 035 | _a(BD-JhCC)14299 | ||
| 040 |
_aBD-JhCC _dBD-JhCC |
||
| 041 | _aenglish | ||
| 082 |
_a329 _bKIN 2018 |
||
| 100 | _a King,Martin Luther | ||
| 245 |
_aLetter from Birmingham Jail / _cMartin Luther King,JR . |
||
| 260 |
_aNew York: _bPenguin Books; _c2018. |
||
| 300 |
_a54 p. : _c16 cm. |
||
| 490 | _aPenguin Modern: 01 | ||
| 650 | _aConstitutional law | ||
| 942 |
_2ddc _cBK |
||
| 999 |
_c14299 _d14299 |
||